000 00434pab a2200157 454500
008 180718b xxu||||| |||| 00| 0 eng d
100 _aBandyopadhyay, A.R.
245 _aMacro - issues of personnel management of the public services in India
650 _a Personnel Management
650 _a Public
650 _a Personnel
650 _a Bureaucracy
650 _aCivil Service - India
773 _aAdministrator
909 _a22890
999 _c22890
_d22890